[Event "DEN-ch Seniors 65"]
[Site "Randers"]
[Date "2015.02.12"]
[Round "6"]
[White "Pedersen, Kurt"]
[Black "Moestrup, Jorn"]
[Result "1/2-1/2"]
[WhiteElo "1822"]
[BlackElo "2111"]
[PlyCount "50"]
[EventDate "2015.02.07"]
[EventType "swiss"]
[EventRounds "7"]
[EventCountry "DEN"]
[SourceTitle "EXT 2016"]
[Source "ChessBase"]
[SourceDate "2015.10.08"]
[SourceVersion "1"]
[SourceVersionDate "2015.10.08"]
[SourceQuality "1"]

1. e4 c5 2. Nf3 d6 3. d4 cxd4 4. Nxd4 Nf6 5. Nc3 a6 6. Be2 e5 7. Nf3 Be7 8. 0-0 0-0 9. h3 b5 10. Nd5 Nxe4 11. Be3 Nc5 12. Qd2 Be6 13. Rfd1 Bxd5 14. Qxd5 Nbd7 15. c4 Nf6 16. Qd2 Nce4 17. Qe1 Rb8 18. cxb5 axb5 19. Nxe5 Qe8 20. Ng4 Nxg4 21. hxg4 Bf6 22. Qb4 Qe5 23. Bf3 Ng5 24. Qxd6 Nxf3+ 25. gxf3 Qxd6 1/2-1/2